000
002790000a22001090004500
100
1
_a
Hoff, Pablo
245
1
0
_a
El Dios que se da a conocer
300
_a
Vol.48, núm.205 (1993), Pàginas 15-17
650
1
4
_a
DIOS-REVELACIÓN
773
0
_t
La Biblia en las Américas
942
_c
ANA
999
_c
62907
_d
62907